Soccer/Football Players With The Most Euro Goals - Statistics

General Stats
  • This quiz has been taken 35 times
  • The average score is 6 of 20
Answer Stats
Goals Player % Correct
14 Cristiano Ronaldo
93%
6 Harry Kane
67%
6 Thierry Henry
53%
6 Wayne Rooney
47%
7 Alan Shearer
40%
7 Antoine Griezmann
40%
6 Robert Lewandowski
37%
9 Michel Platini
33%
6 Romelu Lukaku
33%
7 Alvaro Morata
30%
6 Zlatan Ibrahimovic
23%
5 Marco van Basten
20%
6 Ruud van Nistelrooy
20%
5 Mario Gomez
13%
5 Milan Baros
10%
6 Patrick Kluivert
10%
6 Patrik Schick
10%
5 Xherdan Shaqiri
10%
6 Nuno Gomes
0%
5 Savo Milosevic
0%
No matching quizzes found
Score Distribution
Percent of People with Each Score
Percentile by Number Answered
Your Score History
You have not taken this quiz